00414nam a2200169Ia 4500003000400000005001700004008004100021020001500062040000700077041000800084082002300092100001600115245004100131260004300172300001600215365001300231OSt20230508170709.0210423s2008 xx 000 0 und d a8122409245 cAL aeng a615.192223b NATR aNATH (R L). aText book of medicinal biochemistry. aNew DelhibNew Age Internationalc2008 axvi,616bPB b265cINR